LEADER 10940nam a2201117 a 4500
001 mzk03001222391
003 CZ BrMZK
005 20151019111133.0
007 ta
008 151015s1738 xr f |||| 0 lat d
040 |a BOA001  |b cze 
072 7 |a 27-46/-48  |x Pastorální teologie  |2 Konspekt  |9 5 
072 7 |a 094  |x Staré tisky  |2 Konspekt  |9 12 
080 |a 27-46  |2 MRF 
080 |a 27-475.5  |2 MRF 
080 |a 025.171  |2 MRF 
080 |a (0:82-5)  |2 MRF 
080 |a (0.068)094  |2 MRF 
100 1 |a Ritter, Joannes  |4 aut 
245 1 0 |a BELLI PANOPLIA, & PACIS OLEA, DEUS EUCHARISTICUS; e suggestu Sanctae Metropolitanae Ecclesiae ad Divum VITUM Martyrem in Castro Pragensi, CERNUA ORATIONE ADORATUS /  |c Per JOANNEM RITTER, SS. Can. & Theol. Doctorem, suprafatae Metropolitanae Ecclesiae Canonicum Joanneum Theologalem, & Ecclesiasten: Proto-Notarium Apostolicum, & Antiquissimae Collegiatae ad SS. Cosmam & Damianum Vet: Boleslaviae Canonicum, HAC DIE COENAE DOMINI An. M DCC XXXV III 
260 |a Vetero-Pragae :  |b Typis Archi-Episcopalibus,  |c 1738 
300 |a A-E2, F1 [=11] listů ;  |c 2° 
500 |a Výzdoba: Vlys, iniciály, linky z typografických ozdob 
500 |a Před tištěnými texty vevázány 3 listy s rukopisným seznamem přívazků 
501 |a Obsahuje: Přívazek 1, MARIA SINE ORIGINALI LABE CONCEPTA, ... / Eligius od Svatého Jiří. -- Přívazek 2, SanCtVs BeneDICtVs In AstrIs MagnVs, ... / Antonín Ferdinand Dubravius. -- Přívazek 3, SanCtVs Ioannes NepoMVCenVs In DIes noVIs gratIIs serenVs. ... / Sebastianus Franciscus Augustinus Schöffner. -- Přívazek 4, Pretiosum Tri-Urbis & Orbis Cymelium, ... / Franciscus Xaverius Schimkowsky. -- Přívazek 5, Beredsames Stillschweigen Des Heiligen Martyrers JOANNIS Von NEPOMUCK, ... / Leopold Bedřich z Egkhu a Hungersbachu. -- Přívazek 6, SUMMA S. THOMAE DE AQUINO, Literatae Virtutis, Intellectu, & Affectu, ... / Bernard Raschdorf. -- Přívazek 7, MAGISTERIUM SOLIS e Sale Sapientiae ALCHYMIAE PERFECTUM OPUS ... / Antonín Václav Rings. -- Přívazek 8, DIVUS THOMAS DE AQUINO THAUMA VIRTUTIS, ... / Joannes Zahradka. -- Přívazek 9, VINDEX JUSTITIAE DECRETORIAM PRO VERITATE SENTENTIAM DECIDENS, ... / Ferdinand František Schwarz de Lauro. -- Přívazek 10, DIVUS JOANNES EVANGELISTA MAJOR PARADISI CUSTODE CHERUB, ... / Jan Václav Janovský z Janovic. -- Přívazek 11, Geistliche Triumph-Porten, ... / Alexander Maximilian Krbosch. -- Přívazek 12, MUTUUM AUXILII FOEDUS NOBILITATIS ET SAPIENTIAE IN DIVA CATHARINA ... / Jan Ernest z Bubna a Litic, Jan Ernest. -- Přívazek 13, MEDICA CHRISTIANA Magnorum Medicae Facultatis ... / Joannes Franciscus Zeller. -- Přívazek 14, Heyl Und Herrlichkeit Des Löblich-Uralten Nunmehro aber Gantz schön-verjüngerten GOttes-Hauses Des Benedictinischen Closter-Stiffts RAYGERN, ... / Hieronymus Antonius Bartoscheck. -- Přívazek 15, IesVs Veteranae LegIs eX trIbV LeVI SaCerDos MagnVs. Et ZorobabeL ... -- Přívazek 16, CASTRUM NOVUM ID EST DOMUS DEI NOVA ... / Antonius Georgius Gezek. -- Přívazek 17, Tři-Caulowý Prawidko, ... / Martin Jäckl 
501 |a Obsahuje: Přívazek 18, Geistliche Hertz-Mannliche Obsiegerin, ... / Alexander Maximilian Krbosch. -- Přívazek 19, Glorreiche Victorie MARIAE VINCENTIAE ANTONIAE ... -- Přívazek 20, Starck-durchtringender Trompeter-Schall Gleich Einem Adler über das Hauß des HErrn erschallend ... / Dominicus Nemanizky. -- Přívazek 21, FortItVDInIs & ConstantIae IMperatorIs ... / Karel Josef Fridrich. -- Přívazek 22, APOSTOLICUS MISSIONARIUS, ... / Jan Maurycy Martini. -- Přívazek 23, Unsterbliches Leben Ihro Hochfürstlichen Gnaden, und Hochgebohrnen Frauen Frauen MAXIMILIANAE MARIAE BEATRICIS, ... / Josef Dreser. -- Přívazek 24, Žiwot Nesmrtedlný Wysoce Oswjcenég, a Wysoce Vrozenég Panj, Panj Maximiliány Marye Beatricis, ... / Josef Dreser. -- Přívazek 25, Post laborem Requies. / Anselm Mannhardt. -- Přívazek 26, Neuer Himmel zu Mölck ... / Aemilian Daneli. -- Přívazek 27, Trauer- und Trost-Predig, ... / Cyrillus Riga 
563 |a Pergamenová vazba Rajhrad, dřevěné desky, zachovány dvě kovové spony, modrá ořízka 
650 7 |a pastorální teologie  |7 ph123991  |2 czenas 
650 7 |a kázání  |7 ph122077  |2 czenas 
650 7 |a historické knihovní fondy  |7 ph172933  |2 czenas 
655 7 |a kázání  |7 fd131846  |2 czenas 
655 7 |a staré tisky  |7 fd422076  |2 czenas 
856 4 1 |u https://imageserver.mzk.cz/mzk03/001/222/391/328100224998.titul.jp2  |y Titulní list 
856 4 1 |u https://imageserver.mzk.cz/mzk03/001/222/391/328100224998.titul01.jp2  |y Titulní list 1. přítisku 
856 4 1 |u https://imageserver.mzk.cz/mzk03/001/222/391/328100224998.titul02.jp2  |y Titulní list 2. přítisku 
856 4 1 |u https://imageserver.mzk.cz/mzk03/001/222/391/328100224998.titul03.jp2  |y Titulní list 3. přítisku 
856 4 1 |u https://imageserver.mzk.cz/mzk03/001/222/391/328100224998.titul04.jp2  |y Titulní list 4. přítisku 
856 4 1 |u https://imageserver.mzk.cz/mzk03/001/222/391/328100224998.titul05.jp2  |y Titulní list 5. přítisku 
856 4 1 |u https://imageserver.mzk.cz/mzk03/001/222/391/328100224998.titul06.jp2  |y Titulní list 6. přítisku 
856 4 1 |u https://imageserver.mzk.cz/mzk03/001/222/391/328100224998.titul07.jp2  |y Titulní list 7. přítisku 
856 4 1 |u https://imageserver.mzk.cz/mzk03/001/222/391/328100224998.titul08.jp2  |y Titulní list 8. přítisku 
856 4 1 |u https://imageserver.mzk.cz/mzk03/001/222/391/328100224998.titul09.jp2  |y Titulní list 9. přítisku 
856 4 1 |u https://imageserver.mzk.cz/mzk03/001/222/391/328100224998.titul10.jp2  |y Titulní list 10. přívazku 
856 4 1 |u https://imageserver.mzk.cz/mzk03/001/222/391/328100224998.titul11.jp2  |y Titulní list 11. přívazku 
856 4 1 |u https://imageserver.mzk.cz/mzk03/001/222/391/328100224998.titul12.jp2  |y Titulní list 12. přívazku 
856 4 1 |u https://imageserver.mzk.cz/mzk03/001/222/391/328100224998.titul13.jp2  |y Titulní list 13. přívazku 
856 4 1 |u https://imageserver.mzk.cz/mzk03/001/222/391/328100224998.titul14.jp2  |y Titulní list 14. přívazku 
856 4 1 |u https://imageserver.mzk.cz/mzk03/001/222/391/328100224998.titul15.jp2  |y Titulní list 15. přívazku 
856 4 1 |u https://imageserver.mzk.cz/mzk03/001/222/391/328100224998.titul16.jp2  |y Titulní list 16. přívazku 
856 4 1 |u https://imageserver.mzk.cz/mzk03/001/222/391/328100224998.titul17.jp2  |y Titulní list 17. přívazku 
856 4 1 |u https://imageserver.mzk.cz/mzk03/001/222/391/328100224998.titul18.jp2  |y Titulní list 18. přívazku 
856 4 1 |u https://imageserver.mzk.cz/mzk03/001/222/391/328100224998.titul19.jp2  |y Titulní list 19. přívazku 
856 4 1 |u https://imageserver.mzk.cz/mzk03/001/222/391/328100224998.titul20.jp2  |y Titulní list 20. přívazku 
856 4 1 |u https://imageserver.mzk.cz/mzk03/001/222/391/328100224998.titul21.jp2  |y Titulní list 21. přívazku 
856 4 1 |u https://imageserver.mzk.cz/mzk03/001/222/391/328100224998.titul22.jp2  |y Titulní list 22. přívazku 
856 4 1 |u https://imageserver.mzk.cz/mzk03/001/222/391/328100224998.titul23.jp2  |y Titulní list 23. přívazku 
856 4 1 |u https://imageserver.mzk.cz/mzk03/001/222/391/328100224998.titul24.jp2  |y Titulní list 24. přívazku 
856 4 1 |u https://imageserver.mzk.cz/mzk03/001/222/391/328100224998.titul25.jp2  |y Titulní list 25. přívazku 
856 4 1 |u https://imageserver.mzk.cz/mzk03/001/222/391/328100224998.titul26.jp2  |y Titulní list 26. přívazku 
856 4 1 |u https://imageserver.mzk.cz/mzk03/001/222/391/328100224998.titul27.jp2  |y Titulní list 27. přívazku 
903 |a RP 
910 |e BOE950  |c R - C. II. dd. 15 
978 |b Tiskárna arcibiskupská  |a Praha  |c 1738 
984 |a Praha  |b Česko 
985 |a 1701-1750 
990 |a BK 
991 |k rajhrad 
980 |c 224998  |g R - C. II. dd. 15  |1 328100224998  |p Bn. 2575 etc. IV. 
994 |a DN  |l MZK03  |b 001222392  |m záznam 1. díla (pro objednání pokračujte kliknutím)  |n přívazek 1 
994 |a DN  |l MZK03  |b 001222393  |m záznam 1. díla (pro objednání pokračujte kliknutím)  |n přívazek 2 
994 |a DN  |l MZK03  |b 001222394  |m záznam 1. díla (pro objednání pokračujte kliknutím)  |n přívazek 3 
994 |a DN  |l MZK03  |b 001222395  |m záznam 1. díla (pro objednání pokračujte kliknutím)  |n přívazek 4 
994 |a DN  |l MZK03  |b 001222396  |m záznam 1. díla (pro objednání pokračujte kliknutím)  |n přívazek 5 
994 |a DN  |l MZK03  |b 001222411  |m záznam 1. díla (pro objednání pokračujte kliknutím)  |n přívazek 6 
994 |a DN  |l MZK03  |b 001222413  |m záznam 1. díla (pro objednání pokračujte kliknutím)  |n přívazek 7 
994 |a DN  |l MZK03  |b 001222417  |m záznam 1. díla (pro objednání pokračujte kliknutím)  |n přívazek 8 
994 |a DN  |l MZK03  |b 001222420  |m záznam 1. díla (pro objednání pokračujte kliknutím)  |n přívazek 9 
994 |a DN  |l MZK03  |b 001222422  |m záznam 1. díla (pro objednání pokračujte kliknutím)  |n přívazek 10 
994 |a DN  |l MZK03  |b 001222425  |m záznam 1. díla (pro objednání pokračujte kliknutím)  |n přívazek 11 
994 |a DN  |l MZK03  |b 001222430  |m záznam 1. díla (pro objednání pokračujte kliknutím)  |n přívazek 12 
994 |a DN  |l MZK03  |b 001222438  |m záznam 1. díla (pro objednání pokračujte kliknutím)  |n přívazek 13 
994 |a DN  |l MZK03  |b 001222440  |m záznam 1. díla (pro objednání pokračujte kliknutím)  |n přívazek 14 
994 |a DN  |l MZK03  |b 001222441  |m záznam 1. díla (pro objednání pokračujte kliknutím)  |n přívazek 15 
994 |a DN  |l MZK03  |b 001222443  |m záznam 1. díla (pro objednání pokračujte kliknutím)  |n přívazek 16 
994 |a DN  |l MZK03  |b 001222445  |m záznam 1. díla (pro objednání pokračujte kliknutím)  |n přívazek 17 
994 |a DN  |l MZK03  |b 001222460  |m záznam 1. díla (pro objednání pokračujte kliknutím)  |n přívazek 18 
996 |e BOE950  |c R - C. II. dd. 15 
994 |a DN  |l MZK03  |b 001222465  |m záznam 1. díla (pro objednání pokračujte kliknutím)  |n přívazek 19 
994 |a DN  |l MZK03  |b 001222467  |m záznam 1. díla (pro objednání pokračujte kliknutím)  |n přívazek 20 
994 |a DN  |l MZK03  |b 001222469  |m záznam 1. díla (pro objednání pokračujte kliknutím)  |n přívazek 21 
994 |a DN  |l MZK03  |b 001222473  |m záznam 1. díla (pro objednání pokračujte kliknutím)  |n přívazek 22 
994 |a DN  |l MZK03  |b 001222612  |m záznam 1. díla (pro objednání pokračujte kliknutím)  |n přívazek 23 
994 |a DN  |l MZK03  |b 001222613  |m záznam 1. díla (pro objednání pokračujte kliknutím)  |n přívazek 24 
994 |a DN  |l MZK03  |b 001222616  |m záznam 1. díla (pro objednání pokračujte kliknutím)  |n přívazek 25 
994 |a DN  |l MZK03  |b 001222619  |m záznam 1. díla (pro objednání pokračujte kliknutím)  |n přívazek 26 
994 |a DN  |l MZK03  |b 001222620  |m záznam 1. díla (pro objednání pokračujte kliknutím)  |n přívazek 27